01823nam a22003497i 4500003000900000005001700009008004100026040004600067041000800113082002800121092000700149099003600156100004500192245020000237264004900437300003000486336002200516337002400538338003300562504006100595546010200656650004500758650003200803651001000835856005700845905001600902942001900918999001700937952017300954952017301127952017301300EG-GICUC20260121101452.0251211s1946 ua ||||fr|||| 00| 0 ara d a EG-GICUCbarac EG-GICUCd EG-GICUCerda aara04221a343.623bم ح . م04221 aLaw1 10 343.623 م ح . م 19460 aمحمد فتحى،cبك،eمؤلف.10aمشكلة التحليل النفسى فى مصر :bدراستها من النواحى العلمية والاجتماعية والقضائية والتشريعية /cمحمد فتحى بك. 3aالقاهرة :bمطبعة مصر،c1946. a229 صفحة ؛c24 سم. 2rda contentatext 2rda mediaaComputer 2rda carrieraOnline Resource aيحتوي على ارجاعات ببليوجرافية  aالنص أغلبه باللغة العربية مع بعض النصوص الإنجليزية14aالإتجاة النفساني2qrmak14aالتحليل النفسي1 2qrmak40uhttps://fll.law.cu.edu.eg/fulltext/bks/B10-07170.pdf a75eHassnaa 2ddccBKe21n0 c49840d49840 00102ddc40718القانون الجنائيaCUbLAW1d2025-12-11l0oLaw1 10 343.623 م ح . م 1946 1007170 C1pB10-07170r2025-12-11 16:48:00t1w2025-12-11yBK 00102ddc40708القانون الجنائيaCUbLAW1d2025-12-11l0oLaw1 10 343.623 م ح . م 1946 1007172 C2pB10-07172r2025-12-11 16:48:00t2w2025-12-11yBK 00102ddc40708القانون الجنائيaCUbLAW2d2026-04-29l0oLaw2 10 343.623 م ح . م 1946 1004655 C3pB10-04655r2026-04-29 13:05:23t3w2026-04-29yBK